000 00349nam a2200145Ia 4500
008 230917s9999||||xx |||||||||||||| ||und||
040 _e14139
_aMAIN
041 _aEnglish
082 _a519.2 C643E
100 _aCochran, WIlliam G
245 0 _aExperimental designs
260 _aNew York
_bJohn Wiley
_c1957
300 _axiv,611 p.
942 _cBK
999 _c47009
_d47009